000 00366nam a2200121 4500
999 _c14360
_d14360
008 190913b ||||| |||| 00| 0 eng d
100 _939594
_aJaymalin, Mayen.
245 _a'Lower tax could encourage youth to smoke'/
_cMayen Jaymalin.
260 _aPhilippines:
_bThe Philippine Star;
_cc2018.
300 _apage 7.
650 0 _939595
_aTaxation.
942 _2ddc
_cPER